000 01262nam a2200397 c 4500
001 58323
003 CO-BoRNBP
005 20250821202612.0
007 ta
008 160825t2009 ck g| 000 0|spa |
020 _a9584288857
020 _a97895842888581
040 _aCO-BoRNBP
_bspa
_erda
_cCO-BoRNBP
041 0 _hspa
043 _as-ck---
082 _a863.5
_bV15s
084 _aN
100 _aValencia Agudelo, León,
_d1955-
_eaut
_962928
245 1 3 _aLa sombra del presidente /
_cLéon Valencia ; ilustraciones de Santiago Rivas.
250 _aTercera edición
264 1 _aBogotá, Colombia :
_bPlaneta Colombiana,
_c2020
300 _a263 páginas
336 _atexto
_btxt
_2rdacontent
337 _asin mediación
_bn
_2rdamedia
338 _avolumen
_bnc
_2rdacarrier
490 _aAutores españoles e iberoamericanos
521 _aGeneral
545 _aIncluye datos biográficos del autor
650 0 7 _aNarcotráfico
_vNovelas
_zColombia
_2LEMB
_962929
650 0 4 _aNovela colombiana
_ySiglo XXI
_2LEMB
_91602
650 0 4 _aLiteratura colombiana
_ySiglo XXI
_2LEMB
_965
651 0 _aColombia
_xPolítica y gobierno
_ySiglo XXI
_9212
655 _aNovelas
_962930
700 _aRivas, Santiago
_eill
_962931
942 _2loc
_cBKLIT
999 _c58323
_d58323